Introducción al derecho (Registro nro. 5930)

Detalles MARC
000 -LEADER
fixed length control field 00863 a2200229 4500
001 - CONTROL NUMBER
control field 55368
005 - DATE AND TIME OF LATEST TRANSACTION
control field 20260407155827.0
008 - FIXED-LENGTH DATA ELEMENTS--GENERAL INFORMATION
fixed length control field 260407a1986 arg spa d
003 - CONTROL NUMBER IDENTIFIER
control field AR-UNSa-BCEJYS
040 ## - CATALOGING SOURCE
Original cataloging agency AR-UNSa-BCEJYS
Language of cataloging spa
Transcribing agency AR-UNSa-BCEJYS
080 ## - UNIVERSAL DECIMAL CLASSIFICATION NUMBER
Universal Decimal Classification number 340
Common auxiliary subdivision Derecho. Generalidades. Propedéutica. Métodos y ciencias auxiliares del derecho
020 ## - INTERNATIONAL STANDARD BOOK NUMBER
International Standard Book Number 950-5-20-060-9
041 ## - LANGUAGE CODE
Language code of text/sound track or separate title spa
100 1# - MAIN ENTRY--PERSONAL NAME
Personal name Torré, Abelardo
245 10 - TITLE STATEMENT
Title Introducción al derecho
250 ## - EDITION STATEMENT
Edition statement 9a. ed.
264 #1 - PRODUCTION, PUBLICATION, DISTRIBUTION, MANUFACTURE, AND COPYRIGHT NOTICE
Place of production, publication, distribution, manufacture Buenos Aires :
Name of producer, publisher, distributor, manufacturer Perrot
Date of production, publication, distribution, manufacture, or copyright notice 1986
300 ## - PHYSICAL DESCRIPTION
Extent 804 p.
Dimensions 23 cm.
505 ## - FORMATTED CONTENTS NOTE
Formatted contents note 1. El derecho, la teoría de los objetos y la vida humana - 2. Los grados del conocimiento, la clasificación de las ciencias y las disciplinas jurídicas - 3. La abogacia. Vocación jurídica y ética profesional - 4.
590 ## - LOCAL NOTE (RLIN)
Local note niveau_biblio:m niveau_hierar:0
942 ## - ADDED ENTRY ELEMENTS (KOHA)
Koha item type
Existencias
Withdrawn status Lost status Damaged status Not for loan Home library Current library Shelving location Date acquired Total checkouts Full call number Barcode Date last seen Price effective from Koha item type
        Biblioteca Prof. Eusebio Cleto del Rey Biblioteca Prof. Eusebio Cleto del Rey   07/04/2026   340 T689 9ed. L53474 07/04/2026 07/04/2026 Libro